Регионална библиотека "Любен Каравелов" - Русе

Женска управия (Запис номер 124123)

MARC детайли
000 -Лидер
Контролно поле с фиксирана дължина 01362nam a2200301 c 4500
003 - Код на организацията, давaща контролен номер
Контролно поле BLK
005 - Дата и час на последна редакция
Контролно поле 20180422111003.0
008 - Елементи от данни с фиксирана дължина
fixed length control field 180409b bul|||||r ||||||| ||bul||
010 ## - Наследен системен номер
LC control number KNG00129786000
040 ## - Източник на каталожния запис
Идентификатор на билиотеката - собственик на записа BLK
041 ## - Код за език
Код за езика на текст/звукозапис или на отделно заглавие Български
Код за езика КДБФ Български
080 ## - УДК
Текстов определител УДК Класическа гръцка литература. Старогръцка литература
УДК код - определител по УДК 821.142
УДК определител -22
УДК - код + определител 821.142-22
100 1# - Редна дума - Автор
Автор Аристофан
Авторска отговорност първи автор
R(LIN) 33430
139 ## - Редно поле
Редна дума Аристофан
Авторски знак Ари - А 84
245 10 - Сведения за заглавието
Заглавие Женска управия
Подзаглавни данни Комедия
Редно поле (дума) Аристофан; прев. от ориг. Александър Михайлов Балабанов.
257 ## - Страна на издаване
Страна на създаване/издаване Древна Гърция
260 ## - Област на издателските данни
-- София
Име на издателя, разпространителя и проч. Александър Паскалев
Година на издаване 1914
Печатница София : Напред
300 ## - Физическа характеристика
Страници 79 с.
Размери/Мащаб 18 см
380 ## - Жанр
Жанр Худож. лит.
490 1# - СЕРИИ (Колекции)
Име на серия Всемирна библиотека
№: серия № 113 и 113б
500 ## - Общи забележки
Забележка Кн. излязла и под загл.: Женско народно събрание и Жените в парламента.
700 1# - Други автори (авторска отговорност)
Лично име Балабанов, Александър Михайлов
Автороска отговорност (Описва отношението между автора и произведението) прев. от ориг.
9 (RLIN) 368000
852 ## - Местоположение
Форматна сигнатура Цб 8.145.5839
856 4# - Електронен адрес и достъп
Електронен формат pdf - файл
Път до файла /url/
856 4# - Електронен адрес и достъп
Електронен формат pdf - файл
Път до файла /url/
942 ## - АРТИКУЛИ
Вид на библиотечния материал Книги
Скрит в OPAC Не
944 ## - СЪЗДАВАНЕ И РЕДАКЦИЯ на ЗАПИСА
Създаване/Редакция Създаване
Дата на регистрацията/редакция 19.04.2012
Статус, дата на статуса 19.04.2012 - от С1,Р / 19.04.2012
Служител, извършил регистрацията/редакцията Кети_Илиева
944 ## - СЪЗДАВАНЕ И РЕДАКЦИЯ на ЗАПИСА
Създаване/Редакция Редакция
Дата на регистрацията/редакция 19.04.2012
Статус, дата на статуса 19.04.2012 - от С1,Р / 19.04.2012
Служител, извършил регистрацията/редакцията
999 ## - СИСТЕМНИ КОНТРОЛНИ НОМЕРА
Koha biblionumber 124123
Koha biblioitemnumber 124123
Наличности
Код за отписване Код за изгубен артикул Източник на класификационната схема Код за повреда Коз за рестрикции Код за отдаване Артикулен № Име на библиотеката - собственик Име на библиотеката, в която се намира в момента Статус (Текущо местоположение) Дата на вписване в системата Местоположение - отдел Цена в лева Инвентарен номер Систематично азбучна сигнатура Баркод Номер на екземпляра Цена в евро Служебна бележка Служебен тип на артикула
  Не е изгубен Universal Decimal Classification Не е повреден без рестрикции ползва се в читалня 201210 Регионална библиотека "Любен Каравелов" Русе Регионална библиотека "Любен Каравелов" Русе Хранилище 1914-01-01 Основен фонд - ползва се само за читалня 0.06 5839 Цб 8.145.5839 900000046954 1 0.03 Вид: Сф Дата: 01.01.1914 Книги
Vip Innovations Ltd, Rousse, Bulgaria 2025